000 00520nam a22001817a 4500
005 20210423064111.0
008 210217b1969 ||||| |||| 00| 0 eng d
040 _cDLC
080 _a821.111
_bB-96
100 _9944
_aBurrougs.Edgar Rice
245 _aTarzan of the apes
_cBurroughs.Edgar Rice
260 _aNev York
_bBallantine books
_c1969
300 _a245 p.:
365 _a1.25 USD
650 0 _9247
_aEnglish literature
653 _aინგლისური ლიტერატურა
942 _2udc
_cBK
999 _c1505
_d1505